Pays participants à la Ligue des Nations - Statistiques

Statistiques générales
  • Ce quiz a été pris 370 fois
  • Le résultat moyen est 41 sur 55
Statistiques - réponses
Réponse % Correct
France
99%
Allemagne
95%
Espagne
93%
Italie
93%
Portugal
92%
Angleterre
91%
Belgique
91%
Pays-Bas
91%
Suisse
90%
Suède
86%
Pologne
84%
Croatie
83%
Danemark
83%
Norvège
83%
Ukraine
83%
Finlande
82%
Russie
82%
Turquie
82%
Hongrie
79%
Autriche
77%
Eire
77%
Islande
77%
Grèce
76%
Luxembourg
76%
République Tchèque
76%
Roumanie
76%
Slovaquie
76%
Ecosse
75%
Estonie
74%
Lettonie
74%
Lituanie
74%
Pays de Galles
74%
Slovénie
73%
Serbie
72%
Albanie
71%
Saint-Marin
71%
Andorre
69%
Bulgarie
69%
Biélorussie
68%
Irlande du Nord
68%
Bosnie-Herzégovine
67%
Malte
66%
Chypre
63%
Géorgie
63%
Macédoine
63%
Kosovo
61%
Monténégro
61%
Liechtenstein
59%
Moldavie
59%
Israël
54%
Gibraltar
52%
Arménie
51%
Azerbaïdjan
49%
Kazakhstan
44%
Iles Féroé
37%
Aucun quiz correspondant
Distribution des résultats
% des personnes avec chaque résultat
Percentile par nombre de réponses
Votre historique - résultats
Vous n’avez pas pris ce quiz